000 00749nas a2200265 4500
001 BR8302853
003 BR-BrBNA
005 20231205085535.0
007 ta
008 230509b bl.|||p| |||| 00| 00por d
040 _aBR-BrBNA
_bpor
_cBiblioteca Nacional de Agricultura
041 _a(Pt)
072 _aF30
100 1 _aAnon.
245 1 _aTecnologia para produzir mais algodao no Nordeste [Brasil]
650 _aALGODAO
650 _aVARIEDADE
650 _aREGIAO NORDESTE
650 _aALGODAO ARBOREO
650 _aALGODAO HERBACEO
650 _aALGODAO MOCO
773 0 _tDirigente Rural (Brazil)
_xISSN 0012-3374
_g(Jul 1983), v. 22(7) p. 22-26
_wBR8302853
909 _a202311
_bLúcia
_c55
_dLúcia Elande
942 _2AGRIS
_n0
_cANA
999 _c112096
_d112096